00365nam a2200109Ia 4500082001200000245002700012100005400039942000700093008004100100999001900141952009500160 aAF BERG 0aMasker van die liefde  a BERGH, Rene Pretoria, 2003 1ste druk 918744 cBK210817s9999 xx 000 0 und d c383732d383731 00104070aWAKKLbWAKKLd2021-08-20g88.00l0p33228019077682r2021-08-20w2021-08-20yBK